01127cam a2200313 i 4500001000700000003000900007005001700016008004100033010001700074020001200091040002300103041000800126043001200134050002100146082001800167100001500185245012700200260007000327300002300397504005100420650002900471650003100500650004600531700001900577906004500596942001200641952014300653999001700796879668BDDh-ASL20231015031307.0790917s1978 bg b 001 0 eng  a 79900615  cTk20.00 aDLCcBDDh-ASLdDLC aeng aa-bg---00aHC440.8.Z9bP61500a301.4494bFAV1 aFarouk, A.14aThe vagrants of Dacca City :ba socio-economic survey, 1975 /cA. Farouk, in collaboration with Rezaul Karim ... [et al.]. aDacca :bBureau of Economic Research, University of Dacca,c1976. av, 84 p. ;c25 cm. aIncludes bibliographical references and index. 0aPoorzBangladeshzDhaka. 0aTrampszBangladeshzDhaka. 0aRural-urban migrationzBangladeshzDhaka.1 aKarim, Rezaul. a7bcbccorignewd2encipf19gy-gencatlg 2ddccBK 00102ddc40708NFICaASLbASLcGENd2023-04-03eComplimentaryl0o301.4494 FAVp120339r2023-04-03 00:00:00tC-1w2023-04-03yBKzY-1976 c31628d31628